[Event "Hull 4NCL GM Congress 2019"]
[Site "Hull"]
[Date "2019.11.02"]
[Round "7.4"]
[White "Haria, Ravi"]
[Black "Turner, Matthew J"]
[Result "1/2-1/2"]
[WhiteElo "2463"]
[BlackElo "2519"]
[Annotator "TA"]
[PlyCount "65"]
[EventDate "2019.10.30"]
[EventType "tourn"]
[EventCountry "ENG"]
[SourceTitle "playchess.com"]
[Source "ChessBase"]
[SourceQuality "1"]

{[%evp 12,65,37,16,16,9,16,12,37,24,25,25,40,27,27,37,34,28,33,33,33,33,23,31,69,57,47,45,98,36,97,55,52,14,30,0,0,-12,13,14,16,0,0,0,0,0,0,0,0,0,0,0,0,0,0,0]} 1. e4 e5 2. Nf3 Nc6 3. Bc4 Bc5 4. c3 Nf6 5. d3 d6 6. O-O Bb6 7. a4 h6 {C54: Giuoco Piano: 4 c3 Nf6, main lines with 5 d4 and 5 d3} (7... a6 8. Re1 Ne7 9. Nbd2 O-O 10. Nf1 c6 11. Ng3 Ng6 12. Bb3 h6 13. h3 d5 14. exd5 Nxd5 15. d4 exd4 16. Nxd4 {1-0 (31) Grandelius,N (2694)-Erdos,V (2612) Skopje 2019}) 8. Nbd2 {[%cal Bb1d2,Bd2f1,Bf1g3][%mdl 32]} O-O 9. Re1 a6 10. Nf1 Ne7 11. a5 Ba7 12. Ng3 Ng6 13. h3 c6 14. Bb3 {[#]} d5 $146 ({Predecessor:} 14... Re8 15. d4 {½-½ (22) Kindermann,S (2509)-Gabriel,C (2507) Germany 2017}) 15. exd5 Nxd5 16. d4 exd4 17. Nxd4 Ndf4 18. Bxf4 $1 Nxf4 19. Qf3 Ng6 (19... Qf6 $14) 20. Re4 (20. Rad1 $16) 20... Qc7 (20... Kh8 $14) 21. Rae1 Bxd4 $1 22. cxd4 {Threatening Qc3.} Qxa5 23. h4 ({Reject} 23. Re8 Be6 $17) 23... Be6 {The position is equal.} 24. h5 Ne7 {[%cal Bg6e7,Be7f5,Bf5g3][%mdl 32]} 25. Bxe6 fxe6 26. Qg4 Nf5 27. Rxe6 Nxg3 $1 28. Qxg3 Qxh5 29. Re7 {[%csl Ge7][%cal Rg3g7] [#]} Rf7 30. R7e5 Rf5 31. Re7 {[%csl Ge7][%cal Rg3g7]} Rf7 32. R7e5 Rf5 33. Re7 {Accuracy: White = 61%, Black = 66%.} 1/2-1/2

[Event "Hull 4NCL GM Congress 2019"]
[Site "Hull"]
[Date "2019.11.02"]
[Round "7.5"]
[White "Gonda, Laszlo"]
[Black "Harvey, Marcus R"]
[Result "1/2-1/2"]
[WhiteElo "2541"]
[BlackElo "2405"]
[Annotator "TA"]
[PlyCount "29"]
[EventDate "2019.10.30"]
[EventType "tourn"]
[EventCountry "ENG"]
[SourceTitle "playchess.com"]
[Source "ChessBase"]
[SourceQuality "1"]

{[%evp 13,29,0,0,0,13,17,6,6,4,0,0,0,0,0,7,2,21,21]} 1. Nf3 Nf6 2. g3 b6 3. Bg2 Bb7 4. c4 e6 5. O-O c5 6. Nc3 Be7 7. b3 d5 {The position is equal.} 8. e3 {A30: Symmetrical English: Double Fianchetto and Hedgehog} dxc4 9. bxc4 Ne4 (9... O-O 10. Bb2 Nc6 11. Qe2 Qd7 12. Rad1 Rad8 13. d4 cxd4 14. exd4 Na5 15. d5 Qc8 16. Ne5 exd5 17. Nxd5 Nxd5 18. Bxd5 Bxd5 19. cxd5 {½-½ (41) Wei,Y (2736)-Nakamura,H (2761) Abidjan 2019}) 10. Nxe4 Bxe4 11. Ne5 Bxg2 12. Kxg2 Bf6 13. Bb2 $146 ({Predecessor:} 13. Qa4+ Nd7 14. Nxd7 Qxd7 15. Qxd7+ Kxd7 {½-½ (26) Vidit,S (2554)-Paravyan,D (2373) Golden Sands 2013}) 13... Nd7 14. Qa4 Qc7 15. Nxd7 1/2-1/2

[Event "Hull 4NCL GM Congress 2019"]
[Site "Hull"]
[Date "2019.11.03"]
[Round "8.1"]
[White "Merry, Alan B"]
[Black "Harvey, Marcus R"]
[Result "1-0"]
[WhiteElo "2426"]
[BlackElo "2405"]
[Annotator "TA"]
[PlyCount "111"]
[EventDate "2019.10.30"]
[EventType "tourn"]
[EventCountry "ENG"]
[SourceTitle "playchess.com"]
[Source "ChessBase"]
[SourceQuality "1"]

{[%evp 14,111,37,24,36,38,40,23,28,29,30,0,19,-12,0,-19,0,-14,-8,-18,-10,-53,-55,-35,-19,-43,-24,-67,-71,-74,-42,-37,0,0,0,0,107,114,108,92,98,92,186,193,204,205,188,202,273,253,276,256,251,222,467,415,1136,1127,1177,1176,1096,1075,950,882,12837,12835,12833,8743,12844,12844,12845,12844,12845,12845,12847,12847,12848,12848,12849,12849,29989,12849,12849,12850,12850,12849,29983,12849,12850,12849,12850,12850,12850,12850,12850,12850,12850,27998,27999,27999]} 1. e4 c6 2. d4 d5 3. Nd2 dxe4 4. Nxe4 Nf6 5. Nxf6+ exf6 6. c3 Bd6 7. Bd3 O-O 8. Qc2 Re8+ {B15: Caro-Kann: 3 Nc3: 3...g6 and 3...dxe4 4 Nxe4 Nf6 5 Nxf6+ exf6} 9. Ne2 h5 10. Be3 Nd7 {White has an edge.} 11. O-O-O (11. Ng3 Bf4 12. O-O-O Bxe3+ 13. fxe3 Rxe3 14. Rde1 Rxe1+ 15. Rxe1 Nf8 16. Nxh5 {½-½ (36) Mamedov,R (2650)-Cheparinov,I (2667) Hengshui 2019}) 11... Nf8 12. h3 Be6 13. g4 h4 14. Kb1 b5 15. Rhg1 Bh2 16. Rge1 $146 ({Predecessor:} 16. Rh1 Bc7 {0-1 (50) Yao,L (2320)-Teja,R (2420) Vienna 2019}) 16... Bd5 17. Qd2 Bf3 18. Rc1 Qd5 19. Ng1 Be4 20. Ka1 {Black should prevent Bxe4.} Bxd3 21. Qxd3 Bxg1 22. Rxg1 Qe4 23. Qxe4 Rxe4 24. c4 Ne6 (24... bxc4 $11 25. Rxc4 Ne6) 25. cxb5 $1 $16 cxb5 26. d5 Nf4 {...Ne2 is the strong threat.} 27. Rgd1 $1 Ng2 (27... Rd8 $16) 28. Bc5 $1 $18 {And now d6 would win.} Rd8 29. d6 ({But not} 29. Bxa7 $6 Rd7 $16) 29... Rd7 30. Bxa7 Re6 31. Rc8+ Kh7 32. Bc5 Nf4 33. Kb1 {Strongly threatening Rc7.} Nxh3 $2 {[#]} (33... Re5 {was worth a try.} 34. Bb6 Nd5) 34. Rc7 $1 {[%cal Rc7d7]} Nxf2 (34... Rd8 $142 35. d7 (35. Rxf7 Ng5 $18) 35... Ng5) 35. Rxd7 Nxd1 {[#]} 36. Re7 $1 Rxd6 37. Bxd6 {[%mdl 4096] Endgame} Nf2 38. b3 Nxg4 39. a4 bxa4 40. bxa4 f5 41. a5 Nf6 42. a6 Nd5 43. a7 Nb6 44. Rb7 Nc8 45. a8=Q Nxd6 46. Rb4 h3 47. Rh4+ (47. Qf3 $142 g6 48. Qxh3+ Kg7 49. Qc3+ f6 50. Qc7+ {[%mdl 64] Double Attack} Nf7 51. Rb7 Kh6 52. Qh2+ Kg7 53. Qf4) 47... Kg6 48. Rxh3 {Intending Qc6! and mate.} Ne4 49. Kc2 Kg5 50. Qg8 (50. Qh8 $142 Kf4 51. Qxg7 f6 52. Rd3 Ng5 53. Qc7+ Kg4 54. Rg3+ Kh5 55. Qg7) 50... Kg4 51. Rh7 g5 52. Rxf7 {Threatening mate with Qd8.} Nd6 53. Rf8 {White threatens Qg6! and mate.} Ne4 {[#]} 54. Qe6 $1 Ng3 {[#]} 55. Rxf5 $3 {[%mdl 64] Remove Defender} Nxf5 56. Qe4+ {Accuracy: White = 65%, Black = 33%.} 1-0

[Event "Hull 4NCL GM Congress 2019"]
[Site "Hull"]
[Date "2019.11.03"]
[Round "8.2"]
[White "Turner, Matthew J"]
[Black "Gonda, Laszlo"]
[Result "1/2-1/2"]
[WhiteElo "2519"]
[BlackElo "2541"]
[Annotator "TA"]
[PlyCount "31"]
[EventDate "2019.10.30"]
[EventType "tourn"]
[EventCountry "ENG"]
[SourceTitle "playchess.com"]
[Source "ChessBase"]
[SourceQuality "1"]

{[%evp 12,21,10,12,7,9,20,22,22,10,29,15]} 1. e4 c5 2. c3 d5 3. exd5 Qxd5 4. d4 Nf6 5. Nf3 e6 6. Be3 Nc6 7. Na3 {[%cal Bb1a3,Ba3b5,Bb5d4][%mdl 32]} cxd4 {B22: Sicilian: 2 c3} 8. Nb5 $1 {[%cal Rb5c7] [#] And now Nc7+ would win.} Qd8 9. Nbxd4 Nd5 10. Bg5 (10. Bd3 Nxe3 11. fxe3 Bd7 12. Qc2 g6 13. O-O-O Bg7 14. Kb1 O-O 15. h4 {½-½ (23) Zhigalko,S (2604)-Alekseev,E (2639) St Petersburg 2018}) 10... f6 11. Bh4 {Predecessor:} Be7 $146 12. Bb5 Bd7 13. O-O Nxd4 14. Nxd4 Nc7 15. Re1 Nxb5 16. Nxb5 {0-1 (29) Riemens,A (2180)-Meulders,R (2265) Antwerp 1996} 1/2-1/2

[Event "Hull 4NCL GM Congress 2019"]
[Site "Hull"]
[Date "2019.11.03"]
[Round "8.3"]
[White "Plat, Vojtech"]
[Black "Haria, Ravi"]
[Result "1-0"]
[WhiteElo "2573"]
[BlackElo "2463"]
[Annotator "TA"]
[PlyCount "87"]
[EventDate "2019.10.30"]
[EventType "tourn"]
[EventCountry "ENG"]
[SourceTitle "playchess.com"]
[Source "ChessBase"]
[SourceQuality "1"]

{[%evp 18,87,29,21,30,28,30,20,28,16,34,18,26,18,32,22,17,6,27,0,0,-18,0,-8,-7,0,0,0,0,4,4,0,29,22,58,61,131,135,120,82,86,97,99,75,121,103,175,181,164,188,175,166,326,325,417,409,375,420,409,384,375,362,555,0,0,0,119,10,885,212,885,878]} 1. d4 e6 2. Nf3 Nf6 3. Bf4 c5 4. e3 Be7 5. h3 O-O 6. c3 b6 7. Nbd2 cxd4 8. exd4 Bb7 9. Bd3 d6 10. O-O Nbd7 {A47: 1 d4 Nf6 2 Nf3 b6: Torre, London and Colle Systems} 11. Re1 (11. Qe2 a6 12. a4 Re8 13. Bh2 h6 14. Rfe1 Bf8 15. Nc4 Qc7 16. Ne3 Nd5 17. Nxd5 Bxd5 18. Bxa6 Bxf3 19. gxf3 {1-0 (34) Carlsen,M (2837)-Akobian,V (2647) Riadh 2017}) 11... Re8 12. Bh2 Bf8 {The position is equal.} 13. Nc4 Qc7 14. a4 a6 15. Ne3 Bc6 16. Qe2 Qb7 17. Nc4 Qc7 18. Ncd2 $146 ({Predecessor:} 18. Nfd2 b5 19. axb5 axb5 20. Ne3 {1-0 (47) Michna,M (2376)-Steczek,M (2382) Germany 2017}) 18... Qb7 19. b4 e5 20. dxe5 dxe5 21. Bc4 h6 22. Qf1 $36 {[%cal Rf3e5][%mdl 2048] White has the initiative.} e4 23. Nd4 Bd5 24. Rad1 a5 25. Bb5 Qc8 26. Rc1 Ne5 ({Black should play} 26... Qd8 $14) 27. Bxe8 $16 Qxe8 28. Nb5 Rc8 29. Bxe5 Qxe5 30. c4 Bxb4 {[#]} 31. Nf3 $1 {[%cal Rf3e5][%mdl 512]} Qf4 (31... Qb8 $16) (31... exf3 32. Rxe5) 32. cxd5 $18 {[%mdl 64] Discovered Attack} Rxc1 33. Rxc1 {Hoping for d6.} exf3 34. Rc8+ Kh7 $2 (34... Bf8 {keeps fighting.} 35. Qc4 Qxc4 36. Rxc4 Nxd5) 35. Qd3+ g6 36. d6 Bc5 {aiming for ...Bxf2+!} 37. Qxf3 Qc1+ 38. Kh2 Kg7 39. g3 Qf1 (39... Qe1 $142 40. Kg2 Qe6) 40. Rxc5 $2 (40. Nc7 $1 $18 {[%cal Rc7e6] Intending Ne6+! and mate.} Bxd6 41. Ne6+ $1 {[%mdl 512]} fxe6 42. Qb7+ {[%mdl 64] Double Attack} Nd7 43. Qxd7+ {[%mdl 64] Double Attack} Kf6 44. Qd8+ {[%mdl 64] Double Attack} (44. Qxd6 Qxf2+ 45. Kh1 Qf1+ 46. Kh2 Qf2+ 47. Kh1 Qf1+ 48. Kh2 Qf2+ $11) 44... Kf5 45. Qxb6 (45. Qxd6 Qxf2+ 46. Kh1 Qf1+ 47. Kh2 Qf2+ 48. Kh1 Qf1+ 49. Kh2 Qf2+ $11)) 40... bxc5 $11 41. Qe3 Qc4 (41... Nd7 $11 {remains equal.}) 42. Nc7 (42. Qe5 $16 Qc2 43. Kg2) 42... Qxa4 $2 {[%mdl 8192]} (42... Kg8 $11) 43. Qe7 $2 (43. Qe5 Qd7 {[#]} 44. Ne8+ $1 {[%mdl 576] Promotion} Qxe8 45. Qxe8 Nxe8 46. d7) 43... Qd7 $2 {[#]} (43... g5) 44. Ne8+ $1 {[%mdl 576] Promotion. Accuracy: White = 44%, Black = 37%.} 1-0

[Event "Hull 4NCL GM Congress 2019"]
[Site "Hull"]
[Date "2019.11.03"]
[Round "8.4"]
[White "Roberson, Peter T"]
[Black "Eggleston, David J"]
[Result "0-1"]
[WhiteElo "2437"]
[BlackElo "2394"]
[Annotator "TA"]
[PlyCount "140"]
[EventDate "2019.10.30"]
[EventType "tourn"]
[EventCountry "ENG"]
[SourceTitle "playchess.com"]
[Source "ChessBase"]
[SourceQuality "1"]

{[%evp 20,140,26,9,2,0,-7,-8,0,-27,-25,-23,-14,-22,-16,-50,-46,-68,-52,-53,-52,-62,-29,-109,-116,-127,-129,-117,-68,-120,-98,-135,-128,-137,-127,-151,-127,-153,-153,-153,-138,-138,-138,-164,-138,-138,-138,-233,-144,-242,-228,-492,-473,-465,-256,-256,-256,-254,-162,-162,-52,-162,-162,-172,-162,-177,-191,-148,-182,-179,-181,-163,-45,-44,-18,-8,0,0,0,-182,-160,-308,-287,-566,-562,-518,-467,-397,-370,-409,-410,-408,-417,-2263,-2068,-1609,-2113,-2102,-1923,-2165,-2165,-2108,-1809,-2110,-1748,-1880,-1509,-1727,-3109,-1995,-1305,-5844,-5527,-29985,-29986,-29986,-29987,-29992,-29993,-29993,-29994,-29994,-29995]} 1. d4 e6 2. e4 d5 3. e5 c5 4. c3 Nc6 5. Nf3 Qb6 6. Be2 cxd4 7. cxd4 Nge7 8. Na3 Nf5 9. Nc2 Be7 10. O-O Bd7 11. Bd3 a5 {C02: French: Advance Variation} (11... Ncxd4 $2 12. Nfxd4 Nxd4 13. Be3 $18) (11... Rc8 12. Rb1 Nb4 13. Nxb4 Bxb4 14. Kh1 Be7 15. g4 Rxc1 16. Rxc1 Nxd4 17. Nxd4 Qxd4 18. f4 g5 19. Rc8+ {½-½ (41) Baklan,V (2617)-Grover,S (2514) Hoogeveen 2011}) 12. Rb1 Nb4 ({But not} 12... Ncxd4 $2 13. Nfxd4 Nxd4 14. Be3 $18) 13. Bxf5 $146 ({Predecessor:} 13. Nxb4 axb4 14. Bxf5 exf5 15. Ra1 h6 16. Re1 O-O 17. Bd2 Rfc8 18. Qb3 Rc4 19. a3 {½-½ (38) Zaitsev,I-Steinberg,M Kharkov 1967}) 13... exf5 {The position is equal.} 14. a3 Nxc2 15. Qxc2 Rc8 16. Qd3 h6 17. b3 Qb5 $36 {[%mdl 2048] Black has good play.} 18. Qd1 g5 19. a4 Qa6 20. Bd2 f4 21. Rc1 (21. b4 $11) 21... O-O $17 22. Rxc8 Rxc8 23. Qb1 b5 24. Qd3 ({Better is} 24. axb5 $15 Qxb5 25. h3) 24... Qb6 25. axb5 Bxb5 ({Resist} 25... Qxb5 26. Qxb5 Bxb5 27. Ra1 $15) 26. Qf5 Qe6 27. Qxe6 fxe6 28. Rc1 Rxc1+ 29. Bxc1 {[%mdl 4096] Endgame KBB-KBN} Be2 30. Bd2 Bd8 $1 31. Bc3 Bb6 32. Nd2 Kf7 33. f3 (33. Bb2 $17) 33... Ke7 34. Kf2 (34. b4 $17 {might work better.}) 34... Bd3 $19 35. g4 $2 (35. g3) 35... Kd7 36. Ke1 Kc6 (36... Bc2 $142 37. Kf2 Kc6) 37. Kd1 Kb5 38. Kc1 Bg6 39. Nb1 Bd8 ({Black should play} 39... Ka6 $19 40. Na3 Be8) 40. Na3+ ({Only move:} 40. Be1 $1 $15) 40... Ka6 41. Kd2 Be7 42. Nc2 Kb5 43. Ne1 Bb4 44. Ng2 {[#]} a4 $1 {[%cal Ra4a3]} 45. Bxb4 Kxb4 46. bxa4 {KB-KN} Kc4 {Strongly threatening ...Be8.} (46... Kxa4 $5 47. Kc3 $8 Ka5 $11) 47. a5 Kxd4 48. a6 Be8 49. Ne1 $2 (49. h4 $11) 49... Kxe5 50. Nd3+ {[#]} (50. Nc2 $17 Bc6 51. a7) 50... Kd6 $1 51. Nb4 $2 (51. h4 gxh4 52. Nxf4) 51... Bc6 52. a7 Ba8 53. Nd3 e5 54. Ke2 e4 55. fxe4 dxe4 56. Nb4 (56. Nf2 $142 Kc5 57. h4 gxh4 58. Nh3 f3+ 59. Ke3) 56... Kc5 57. Nc2 Kc4 58. Kd2 Bc6 59. Na3+ Kc5 60. Nc2 Bb7 61. Ke2 e3 62. Ne1 Kb6 63. Nd3 Kxa7 {( -> ...Ba6!)} 64. Ne5 Bd5 65. Ng6 Kb6 66. h4 Kc5 {Black mates.} 67. hxg5 hxg5 68. Nf8 Kd4 69. Nh7 f3+ 70. Kf1 Bc4+ {Played: f3-f2} 0-1

[Event "Hull 4NCL GM Congress 2019"]
[Site "Hull"]
[Date "2019.11.03"]
[Round "8.5"]
[White "Palliser, Richard J D"]
[Black "Greet, Andrew N"]
[Result "0-1"]
[WhiteElo "2413"]
[BlackElo "2414"]
[Annotator "TA"]
[PlyCount "90"]
[EventDate "2019.10.30"]
[EventType "tourn"]
[EventCountry "ENG"]
[SourceTitle "playchess.com"]
[Source "ChessBase"]
[SourceQuality "1"]

{[%evp 11,90,11,19,11,26,-2,29,35,42,35,53,45,66,82,79,41,52,0,10,-31,23,0,0,-8,0,0,0,0,0,-7,0,-51,-57,-64,-62,-78,-76,-95,-62,-106,0,0,-10,-51,-40,-189,-156,-372,-362,-346,-197,-195,-203,-173,-186,-179,-190,-251,-257,-254,-197,-252,-255,-251,-251,-492,-490,-488,-490,-504,-485,-613,-603,-1373,-1296,-1462,-1450,-1291,-1266,-1008,-967]} 1. d4 d5 2. c4 e6 3. Nc3 Bb4 4. a3 Bxc3+ 5. bxc3 Nf6 6. cxd5 exd5 7. e3 {E24: Nimzo-Indian: Sämisch: Unusual Black 5th moves and 5...c5 sidelines} Bf5 8. Ne2 Nbd7 $146 ({Predecessor:} 8... O-O 9. f3 Nc6 10. Ra2 Ne7 11. Ng3 Bg6 12. Bd3 c5 13. O-O Rc8 14. Bxg6 hxg6 15. e4 cxd4 16. cxd4 Qd7 17. Bg5 {½-½ (53) Gajewski,G (2613)-Haria,R (2430) Riga 2019}) 9. f3 {White has an edge.} h5 10. Nf4 g5 11. Bd3 Bxd3 12. Nxd3 Qe7 13. O-O g4 14. Nf4 (14. Qa4 $14) 14... Nb6 15. Kh1 c6 (15... O-O-O $15) 16. Qd3 h4 17. Ra2 h3 18. fxg4 hxg2+ 19. Rxg2 Ne4 20. Nh5 Nc4 21. Ng7+ (21. Rf4 $11 O-O-O 22. Qf1) 21... Kd7 $15 {[%mdl 1024] Black has compensation.} 22. Nf5 Qe6 23. Qd1 Rh7 24. h4 Rg8 25. Kg1 {[#]} Nxc3 (25... Ncd6 $1 $17 {[%cal Rd6f5] White must now prevent ...Nxf5.} 26. c4 Nxf5 27. cxd5 Qe7) 26. Qb3 $11 Nb5 27. e4 Qxe4 28. Nh6 ({Better is} 28. Qd1 $15 Nc3 29. Qb3) 28... Rgh8 29. h5 $2 (29. Qh3 $17 {might work better.}) 29... Qxd4+ $19 (29... Rxh6 30. Bxh6 Rxh6 31. Rxf7+ Ke6 32. Rf8 $19) 30. Kh2 Nbd6 (30... Rxh6 $142 31. Bxh6 Rxh6 32. Rxf7+ Ke6) 31. g5 Qh4+ 32. Qh3+ Qxh3+ 33. Kxh3 Ne4 34. Rxf7+ (34. Kh4 $142 Ke6 35. Re2) 34... Rxf7 35. Nxf7 Rxh5+ 36. Kg4 Rh1 37. Bf4 Ke7 ({Don't take} 37... Nxa3 38. g6 $17) 38. g6 $2 (38. Ne5 Nxa3 39. Ra2) 38... Kf6 {Black is clearly winning.} 39. Kf3 Rh3+ 40. Kg4 Rxa3 41. Kh4 {g7 is the strong threat.} Ra1 42. g7 Rh1+ 43. Bh2 {[#]} Rxh2+ $1 44. Rxh2 Kxf7 45. Rg2 Nf6 {Accuracy: White = 27%, Black = 53%.} 0-1

[Event "Hull 4NCL GM Congress 2019"]
[Site "Hull"]
[Date "2019.11.03"]
[Round "9.1"]
[White "Greet, Andrew N"]
[Black "Merry, Alan B"]
[Result "1-0"]
[WhiteElo "2414"]
[BlackElo "2426"]
[Annotator "RC"]
[PlyCount "89"]
[EventDate "2019.10.30"]
[EventType "tourn"]
[EventCountry "ENG"]
[SourceTitle "playchess.com"]
[Source "ChessBase"]
[SourceQuality "1"]
[TimeControl "5400+30"]

1. d4 {[%emt 0:00:00]} Nf6 {[%emt 0:00:00]} 2. Nf3 {[%emt 0:00:33]} b6 {[%emt 0:00:00]} 3. Bg5 {[%emt 0:02:55]} Bb7 {[%emt 0:00:00]} 4. Nbd2 {[%emt 0:00:14]} g6 {[%emt 0:00:00]} 5. Bxf6 {[%emt 0:00:22]} exf6 {[%emt 0:00:00]} 6. g3 {[%emt 0:00:27]} Bg7 {[%emt 0:00:00]} 7. Bg2 {[%emt 0:00:06]} O-O {[%emt 0:00:00]} 8. O-O {[%emt 0:00:09]} f5 {[%emt 0:00:00]} 9. e3 {[%emt 0:00:17]} c5 {[%emt 0:00:03]} 10. c3 {[%emt 0:02:13]} d5 {[%emt 0:00:06]} 11. Ne1 {[%emt 0:03:21]} Nd7 {[%emt 0:02:05]} 12. Nd3 {[%emt 0:02:33]} Rc8 {[%emt 0:01:27]} 13. dxc5 {[%emt 0:01:18]} bxc5 {[%emt 0:01:34]} 14. c4 {[%emt 0:01:09]} Nb6 {[%emt 0:01:20]} 15. cxd5 {[%emt 0:03:13]} Bxd5 {[%emt 0:01:20]} 16. Bxd5 {[%emt 0:02:33]} Qxd5 {[%emt 0:00:05]} 17. Nf4 {[%emt 0:00:16]} Qe5 {[%emt 0:07:27]} 18. Rb1 {[%emt 0:01:32]} Rfd8 {[%emt 0:02:07]} 19. Qc2 {[%emt 0:05:15]} c4 {[%emt 0:00:31]} 20. Nf3 {[%emt 0:07:07]} Qa5 {[%emt 0:22:04]} 21. b4 {[%emt 0:01:40]} cxb3 {[%emt 0:02:20]} 22. Qxb3 {[%emt 0:00:09]} Rc3 {[%emt 0:00:57]} 23. Qb5 {[%emt 0:07:08]} Qxb5 {[%emt 0:01:53]} 24. Rxb5 {[%emt 0:00:05]} Ra3 {[%emt 0:00:07]} 25. Rc1 {[%emt 0:00:24]} Rxa2 {[%emt 0:01:06]} 26. h4 {[%emt 0:03:57]} h6 {[%emt 0:04:56]} 27. Rc7 {[%emt 0:00:27]} Rd7 {[%emt 0:01:32]} 28. Rxd7 {[%emt 0:01:30]} Nxd7 {[%emt 0:00:01]} 29. h5 {[%emt 0:00:54]} Nf8 {[%emt 0:05:56]} 30. Rb8 {[%emt 0:03:07]} Rb2 {[%emt 0:03:19]} 31. Ra8 {[%emt 0:00:32]} g5 {[%emt 0:00:23]} 32. Nd5 {[%emt 0:00:38]} Rb7 {[%emt 0:00:09]} 33. Nd4 {[%emt 0:05:05]} Bxd4 {[%emt 0:12:45]} 34. exd4 {[%emt 0:02:44]} Kg7 {[%emt 0:01:26]} 35. Ne3 {[%emt 0:00:20]} f4 {[%emt 0:05:53]} 36. Nf5+ {[%emt 0:01:38]} Kf6 {[%emt 0:00:04]} 37. g4 {[%emt 0:01:16]} Nd7 {[%emt 0:07:50]} 38. Nxh6 {[%emt 0:03:52]} Kg7 {[%emt 0:01:57]} 39. Nf5+ {[%emt 0:00:14]} Kh7 {[%emt 0:00:02]} 40. Nd6 {[%emt 0:03:48]} Rb1+ {[%emt 0:04:40]} 41. Kg2 {[%emt 0:00:09]} Nf6 {[%emt 0:00:19]} 42. Rxa7 {[%emt 0:00:52]} Nxg4 {[%emt 0:00:26]} 43. Nxf7 {[%emt 0:00:43]} Nf6 {[%emt 0:01:40]} 44. Ne5+ {[%emt 0:01:05]} Kh6 {[%emt 0:03:46]} 45. Ra6 {[%emt 0:02:03]} 1-0

[Event "Hull 4NCL GM Congress 2019"]
[Site "Hull"]
[Date "2019.11.03"]
[Round "9.3"]
[White "Haria, Ravi"]
[Black "Roberson, Peter T"]
[Result "1/2-1/2"]
[WhiteElo "2463"]
[BlackElo "2437"]
[Annotator "TA"]
[PlyCount "64"]
[EventDate "2019.10.30"]
[EventType "tourn"]
[EventCountry "ENG"]
[SourceTitle "playchess.com"]
[Source "ChessBase"]
[SourceQuality "1"]

{[%evp 14,64,25,12,36,4,13,0,13,0,0,0,0,0,15,19,20,16,13,20,24,12,39,18,14,0,0,0,36,27,30,22,27,11,23,14,12,14,21,27,39,22,74,28,38,16,22,20,43,0,0,0,47]} 1. e4 c5 2. Nf3 e6 3. b3 d6 4. Bb2 Nf6 5. e5 dxe5 6. Nxe5 Be7 7. Bd3 O-O 8. O-O Bd7 {B50: Sicilian: 2...d6, Miscellaneous} 9. f4 Nc6 10. Nc3 (10. Na3 Nd4 11. Nac4 Be8 12. c3 Nb5 13. Qe2 Nc7 14. Ne3 Ncd5 15. Nc2 {½-½ (33) Antipov,M (2435)-Alekseev,E (2673) Sochi 2012}) 10... Nb4 11. Bc4 $146 ({Predecessor:} 11. Be4 Qc7 12. a3 Nbd5 13. Qf3 Nxc3 14. Bxc3 Nxe4 15. Qxe4 Rac8 16. Rae1 {1-0 (41) Wall,G (2369)-Rossiter,P (2368) England 1999}) 11... Qc7 12. a3 Nc6 $1 13. Qe1 Nd4 14. Bd3 Bc6 15. Ne2 Rad8 16. Nxd4 cxd4 17. Qe2 Rfe8 18. Rae1 a6 19. c4 dxc3 20. dxc3 Bf8 21. b4 g6 22. c4 $36 {[%mdl 2048] White has good play.} Bg7 23. Bb1 Nd7 24. Ng4 h5 {[#] Hoping for ...Bxb2.} 25. Bxg7 Kxg7 26. Qb2+ f6 27. Ne3 {aiming for b5.} Nf8 (27... b6 $11) 28. Rf2 b6 29. Qc3 Qd6 30. Rd1 Qc7 31. Re1 Qd6 32. Rd1 Qc7 {Accuracy: White = 44%, Black = 52%.} 1/2-1/2

[Event "Hull 4NCL GM Congress 2019"]
[Site "Hull"]
[Date "2019.11.03"]
[Round "9.4"]
[White "Gonda, Laszlo"]
[Black "Plat, Vojtech"]
[Result "1/2-1/2"]
[WhiteElo "2541"]
[BlackElo "2573"]
[Annotator "TA"]
[PlyCount "33"]
[EventDate "2019.10.30"]
[EventType "tourn"]
[EventCountry "ENG"]
[SourceTitle "playchess.com"]
[Source "ChessBase"]
[SourceQuality "1"]

{[%evp 16,21,21,33,30,11,29,8]} 1. d4 Nf6 2. Nf3 g6 3. g3 Bg7 4. Bg2 O-O 5. c4 d5 6. O-O dxc4 7. Na3 Na6 8. Nxc4 c5 9. b3 Be6 {D77: Fianchetto Grünfeld: 6 0-0: Replies other than 6...c6} 10. Bb2 Rc8 11. Rc1 {Predecessor:} b5 $146 12. Nce5 Qa5 13. Ng5 Bd5 14. Bxd5 Nxd5 15. dxc5 e6 16. a3 Qc7 17. Ngf3 {1-0 (29) Rzayev,B (2411)-Gupta,A (2591) Nakhchivan 2013} 1/2-1/2

[Event "Hull 4NCL GM Congress 2019"]
[Site "Hull"]
[Date "2019.11.03"]
[Round "9.5"]
[White "Harvey, Marcus R"]
[Black "Turner, Matthew J"]
[Result "1/2-1/2"]
[WhiteElo "2405"]
[BlackElo "2519"]
[Annotator "TA"]
[PlyCount "39"]
[EventDate "2019.10.30"]
[EventType "tourn"]
[EventCountry "ENG"]
[SourceTitle "playchess.com"]
[Source "ChessBase"]
[SourceQuality "1"]

{[%evp 14,18,36,36,36,30,33]} 1. Nf3 Nf6 2. b3 g6 3. Bb2 Bg7 4. e3 O-O 5. Be2 d5 6. c4 c6 7. O-O Bg4 8. h3 Bxf3 {A12: English Opening: 1...c6 with b3 by White} 9. Bxf3 Nbd7 (9... e6 10. Qc2 Nbd7 11. Be2 Rc8 12. d4 Ne4 13. Nd2 Nxd2 14. Qxd2 f5 15. f4 g5 16. cxd5 cxd5 {1-0 (44) Mamedov,R (2707)-Bajarani,U (2465) Al Ain 2014}) {Predecessor:} 10. Nc3 $146 Ne4 11. d4 Nxc3 12. Bxc3 e6 13. Rc1 Qh4 14. Bb4 Rfe8 15. Bd6 a5 16. Qd2 Bf8 17. Bxf8 Rxf8 18. Be2 Qe7 19. Qb2 Rfe8 20. a3 {½-½ (20) Artemiev,V (2461)-Grigoryan,A (2581) Pavlodar 2012} 1/2-1/2